000 01398cam a22003737a 4500
003 CHAP
005 20220329142628.0
008 020605d2002 mx ad r 00110 spa d
010 _a85862
011 _a86834
035 _a97374
040 _cCHAP
090 _aTesis
100 0 0 _aPaquini Rodríguez, Sara Lucía.
_985427
245 1 0 _aCrecimiento vegetativo de plantas de duraznero (Prunus persica (L.) Batsch.) en vivero, micorrizadas y fertilizadas con vermicomposta
_c/por Sara Lucía Paquini Rodríguez
260 _aChapingo, Méx. :
_bEl autor,
_c2002
300 _a123 h. :
_bilus. ; gráfs. ; cuadros
502 _aTesis (Ing. Agr. Esp. en Fitotecnia) -- UACH. Departamento de Fitotecnia
590 _aALEPH
_b10
_c20130110
_lUCH01
_h1447
590 _aBATCH-UPD
_b10
_c20130110
_lUCH01
_h0540
590 _aBATCH-UPD
_b10
_c20130410
_lUCH01
_h0221
590 _aBATCH-UPD
_b10
_c20130913
_lUCH01
_h1831
590 _aCONVERSION
_b10
_c20130109
_lUCH01
_h1348
650 1 4 _aAbonos
_xEfecto en durazno.
_9249
650 1 4 _aCompost.
_926105
650 1 4 _aDurazno
_xCrecimiento.
_934586
650 1 4 _aDurazno
_xGerminación.
_934603
650 1 4 _aMicorriza.
_975486
901 _aBK
905 _aMarco A. Mendoza T.
942 _cFOLL
949 _aTesis
_bBC
_cTES
_d33724000850780
_eTS2
_fc.2
_gDonaciØn
_h39444
_i97374
_si
949 _aTesis
_bBC
_cTES
_d973741
_eTS1
_gDonaciØn
_h39443
_i97374
_sb
999 _c85862
_d85862